000 00595nam a22001337a 4500
040 _cRUA
082 _aFOR MEN 2010 B139 Or.1
100 _aMENH, KHIDORANG.
245 _aThe study on possibility of wildlife farm establishment at phnom tamao, សិក្សាពីលទ្ធភាពបង្កើតកសិដ្ឋានចិញ្ចឹមសត្វព្រៃ នៅភ្នំតាម៉ៅ
260 _aPhnom Penh
_bRUA
_c2010
300 _axi; 36p.
_bill.
_c29cm.
856 _uhttps://drive.google.com/file/d/1i49SSBueW1Npcg5nUf5ijoQTb-dxBmR_/view?usp=sharing
942 _cFOR
999 _c3408
_d3408